Ingeniería industrial e investigación de operaciones / (Record no. 93663)

MARC details
000 -LEADER
fixed length control field 00804cam a2200229 4500
008 - FIXED-LENGTH DATA ELEMENTS--GENERAL INFORMATION
fixed length control field t19921992mx a spa
020 ## - INTERNATIONAL STANDARD BOOK NUMBER
International Standard Book Number 9681842197
050 04 - LIBRARY OF CONGRESS CALL NUMBER
Classification number TP155
Item number M55 1992
100 1# - MAIN ENTRY--PERSONAL NAME
Personal name Miller, David M.
245 10 - TITLE STATEMENT
Title Ingeniería industrial e investigación de operaciones /
Statement of responsibility, etc David M. Miller, J. W. Schmidt ; col. R. J. Craig ; tr. Luis Carlos Emerich Zazueta ; rev. Roberto López Infante.
260 ## - PUBLICATION, DISTRIBUTION, ETC. (IMPRINT)
Place of publication, distribution, etc México :
Name of publisher, distributor, etc Limusa,
Date of publication, distribution, etc c1992
300 ## - PHYSICAL DESCRIPTION
Extent 508 p. :
Other physical details il. ;
Dimensions 23 cm.
504 ## - BIBLIOGRAPHY, ETC. NOTE
Bibliography, etc Incluye índice
650 #7 - SUBJECT ADDED ENTRY--TOPICAL TERM
Topical term or geographic name as entry element Ingeniería industrial
General subdivision Operaciones
Source of heading or term Lemb
700 1# - ADDED ENTRY--PERSONAL NAME
Personal name Schmidt, J. W., coaut.
700 1# - ADDED ENTRY--PERSONAL NAME
Personal name Craig, R. J., col.
700 1# - ADDED ENTRY--PERSONAL NAME
Personal name Emerich Zazueta, Luis Carlos, tr.
700 1# - ADDED ENTRY--PERSONAL NAME
Personal name López Infante, Roberto, rev.
942 ## - ADDED ENTRY ELEMENTS (KOHA)
Source of classification or shelving scheme Biblioteca del Cogreso de los Estados Unidos
Koha item type Libro
Holdings
Estado de pérdida Fuente de clasificación Estado del daño No para préstamo Ubicación permanente Ubicación actual Apartado o colección Fecha de adquisición Edición Enumeración de Serie / Cronológica Dependencia de educación superior (DES) Área del conocimiento Clasificación Código de Barras Date last seen Número de copia Tipo de recurso Nota pública
  Biblioteca del Cogreso de los Estados Unidos   Consulta Biblioteca de la Facultad de Ingeniería Química Biblioteca de la Facultad de Ingeniería Química General 06/07/2015 1a ed. BIQO000002130 Ingeniería y Arquitectura Ingeniería y Tecnología TP155 M55 1992 BIQO000002130 18/10/2017 C:1 Libro Solo para lectura
  Biblioteca del Cogreso de los Estados Unidos     Biblioteca de la Facultad de Ingeniería Química Biblioteca de la Facultad de Ingeniería Química General 06/07/2015 1a ed. BIQO000002131 Ingeniería y Arquitectura Ingeniería y Tecnología TP155 M55 1992 BIQO000002131 18/10/2017 C:2 Libro Préstamo